00460nam a2200157 i 450000100100000000500170001000800410002701000130006802000150008104000230009605000180011910000160013724500850015326000360023830000280027400001851820200929165822.0761018s1970 enkb j 000 1 eng  a76377332 a0048230936 aDO-SdBNPcDLCdDLC00aPZ7.C3624bRe1 aChant, Joy.10aRed moon and black mountain :bthe end of the House of Kendreth /cby Joy Chant. aLondon :bAllen & Unwin,c1970. a276 p. :bmap ;c23 cm.